| 000 | 00335nam a2200121Ia 4500 | ||
|---|---|---|---|
| 008 | 190723s9999 xx 000 0 und d | ||
| 020 | _a978-1-138-94110-6 | ||
| 100 | _aCiara, Kierans | ||
| 245 | 0 | _aSocial & Cultural perspectives on Health, Technology & Medicine | |
| 260 |
_aNew york _bRoutledge _c2016 |
||
| 300 | _a153.:p | ||
| 942 | _cBK | ||
| 999 |
_c1647 _d1647 |
||